[Event "Malakhatko Memorial op"]
[Site "Chess.com INT"]
[Date "2023.06.14"]
[Round "6"]
[White "Prihodko, Alexander"]
[Black "Postny, Evgeny"]
[Result "0-1"]
[WhiteElo "2297"]
[BlackElo "2549"]
[PlyCount "62"]
[EventDate "2023.06.14"]
[EventType "swiss (blitz)"]
[EventRounds "11"]
[EventCountry "USA"]
[SourceTitle "CBM 214 Extra"]
[Source "ChessBase"]
[SourceDate "2023.07.31"]
[SourceVersion "1"]
[SourceVersionDate "2023.07.31"]
[SourceQuality "1"]

1. e4 e5 2. Nf3 Nc6 3. Bb5 a6 4. Ba4 Nf6 5. Bxc6 dxc6 6. d3 Bd6 7. Nbd2 Nd7 8. b3 0-0 9. Bb2 f6 10. Nh4 Re8 11. Nf5 Nf8 12. Qg4 g6 13. Qg3 Kh8 14. Nh6 Qe7 15. 0-0 Ne6 16. Nc4 Nf4 17. Kh1 Qg7 18. Ng4 h5 19. Nge3 Be6 20. d4 Ne2 21. Qh4 Nxd4 22. f4 c5 23. f5 gxf5 24. Qxh5+ Qh7 25. Qxh7+ Kxh7 26. exf5 Bf7 27. Nd2 Kg7 28. Ne4 Rh8 29. g4 Rh3 30. Ng3 Rah8 31. Rf2 Rxg3 0-1

[Event "UKR-chT 17th"]
[Site "Alushta"]
[Date "2010.05.18"]
[Round "9.3"]
[White "Prihodko, Alexander"]
[Black "Shmat, Sergey"]
[Result "1-0"]
[WhiteElo "2287"]
[BlackElo "2097"]
[PlyCount "109"]
[EventDate "2010.05.13"]
[EventType "team-tourn"]
[EventRounds "11"]
[EventCountry "UKR"]
[SourceTitle "EXT 2019"]
[Source "ChessBase"]
[SourceDate "2018.10.10"]
[SourceVersion "1"]
[SourceVersionDate "2018.10.10"]
[SourceQuality "1"]
[WhiteTeam "Donetsk Adel"]
[BlackTeam "Nikopol Nika-NZF"]
[WhiteTeamCountry "UKR"]
[BlackTeamCountry "UKR"]

1. e4 e6 2. d4 d5 3. Nd2 Nc6 4. Ngf3 Nf6 5. e5 Nd7 6. Be2 f6 7. exf6 Qxf6 8. Nf1 Bd6 9. Ne3 0-0 10. 0-0 Ne7 11. Ng4 Qg6 12. Nh4 Qf7 13. f4 Nf5 14. Nf3 b6 15. Bd3 Bb7 16. Qe2 Rae8 17. c3 c5 18. Bd2 cxd4 19. cxd4 Qe7 20. Bb5 Rc8 21. Rfe1 Nf6 22. Nxf6+ Qxf6 23. Qxe6+ Qxe6 24. Rxe6 Rc2 25. Bc1 Rfc8 26. Re1 Bb4 27. Rd1 R2c7 28. Bd2 Be7 29. Rac1 Rxc1 30. Rxc1 Rxc1+ 31. Bxc1 Bf6 32. Bd3 Nxd4 33. Kf2 h6 34. b3 Nxf3 35. Kxf3 Kf7 36. g4 Bc3 37. h4 Bc8 38. h5 Bd7 39. g5 a5 40. Bg6+ Ke7 41. Ba3+ Kd8 42. gxh6 gxh6 43. Bf8 Be8 44. f5 Bf6 45. Bxh6 Ke7 46. Bxe8 Kxe8 47. a4 Ke7 48. Be3 d4 49. Bf2 Kd6 50. Ke4 Kc5 51. h6 Bh8 52. h7 Bf6 53. Bg3 d3 54. Kxd3 Kd5 55. Be1 1-0

[Event "Moscow op-A 04th"]
[Site "Moscow"]
[Date "2008.02.07"]
[Round "6"]
[White "Prihodko, Alexander"]
[Black "Khairullin, Ildar"]
[Result "0-1"]
[WhiteElo "2340"]
[BlackElo "2544"]
[PlyCount "72"]
[EventDate "2008.02.02"]
[EventType "swiss"]
[EventRounds "9"]
[EventCountry "RUS"]
[SourceTitle "CBM 122 Extra"]
[Source "ChessBase"]
[SourceDate "2008.03.04"]
[SourceVersion "1"]
[SourceVersionDate "2008.03.04"]
[SourceQuality "1"]

1. e4 e5 2. Nf3 Nc6 3. Nc3 Nf6 4. Bb5 Bb4 5. 0-0 0-0 6. Bxc6 dxc6 7. d3 Nd7 8. Ne2 Re8 9. Ng3 Nf8 10. h3 Bd6 11. Nh2 c5 12. Nf5 Ne6 13. Ng4 f6 14. Nge3 Bf8 15. Nd5 Nd4 16. Nfe3 Be6 17. f4 c6 18. Nc3 exf4 19. Rxf4 Qc7 20. Rf2 Rad8 21. Ne2 c4 22. Nxd4 Rxd4 23. Qh5 Bf7 24. Qg4 h5 25. Qe2 cxd3 26. cxd3 Qd7 27. Qc2 Rxd3 28. Nd5 Rd4 29. Nc3 Bc5 30. Be3 Bb6 31. Bxd4 Qxd4 32. Rd1 Qe3 33. Qd2 Qg3 34. Qe2 Be6 35. Rd3 Bxf2+ 36. Kf1 Qe5 0-1

[Event "Moscow op-A 04th"]
[Site "Moscow"]
[Date "2008.02.04"]
[Round "3"]
[White "Zabotin, Alexander"]
[Black "Prihodko, Alexander"]
[Result "1-0"]
[WhiteElo "2495"]
[BlackElo "2340"]
[PlyCount "69"]
[EventDate "2008.02.02"]
[EventType "swiss"]
[EventRounds "9"]
[EventCountry "RUS"]
[SourceTitle "CBM 122 Extra"]
[Source "ChessBase"]
[SourceDate "2008.03.04"]
[SourceVersion "1"]
[SourceVersionDate "2008.03.04"]
[SourceQuality "1"]

1. Nf3 d5 2. c4 c6 3. d4 e6 4. Nc3 f5 5. Bf4 Nf6 6. e3 Be7 7. Bd3 0-0 8. 0-0 Ne4 9. Ne5 Nd7 10. f3 Nxe5 11. Bxe5 Nd6 12. Qe2 Bf6 13. Bxf6 Qxf6 14. c5 Nf7 15. f4 g5 16. g3 b5 17. a4 b4 18. Na2 a5 19. Nc1 gxf4 20. gxf4 Qh4 21. Qf2 Qh3 22. Kh1 Nh6 23. Rg1+ Ng4 24. Rg3 Kh8 25. Qg1 Qh4 26. Be2 Nf6 27. Qe1 Qh6 28. Nd3 Ne4 29. Rg2 Qh3 30. Ne5 Bb7 31. Qg1 Nf6 32. Rg3 Qh6 33. Qg2 Ng4 34. Bxg4 fxg4 35. Rxg4 1-0

[Event "Donetsk Kots Memorial"]
[Site "Donetsk"]
[Date "2008.01.20"]
[Round "3"]
[White "Iljin, Timofey"]
[Black "Prihodko, Alexander"]
[Result "1/2-1/2"]
[WhiteElo "2442"]
[BlackElo "2340"]
[PlyCount "83"]
[EventDate "2008.01.18"]
[EventType "tourn"]
[EventRounds "13"]
[EventCountry "UKR"]
[EventCategory "1"]
[SourceTitle "CBM 122 Extra"]
[Source "ChessBase"]
[SourceDate "2008.03.04"]
[SourceVersion "1"]
[SourceVersionDate "2008.03.04"]
[SourceQuality "1"]

1. d4 d5 2. c4 e6 3. Nc3 f5 4. Bf4 c6 5. e3 Nf6 6. Bd3 Be7 7. Qc2 0-0 8. Nge2 Ne4 9. g4 Nd6 10. Bxd6 Bxd6 11. gxf5 exf5 12. 0-0-0 Be6 13. cxd5 cxd5 14. Nb5 Na6 15. Nxd6 Qxd6 16. Qb3 Nb4 17. Nf4 a5 18. Kb1 Kh8 19. h4 Rfc8 20. Rc1 Nxd3 21. Qxd3 Rc4 22. Rc3 b5 23. b3 Rxc3 24. Qxc3 b4 25. Qc5 Qa6 26. Qe7 Bg8 27. h5 h6 28. Rg1 Ra7 29. Qc5 a4 30. bxa4 Qxa4 31. Qc2 Qxc2+ 32. Kxc2 Rxa2+ 33. Kb3 Rxf2 34. Kxb4 Rc2 35. Ra1 Rc4+ 36. Kb3 Rc8 37. Ra7 Re8 38. Ng6+ Kh7 39. Re7 Rxe7 40. Nf8+ Kh8 41. Ng6+ Kh7 42. Nf8+ 1/2-1/2

[Event "Donetsk Kots Memorial"]
[Site "Donetsk"]
[Date "2008.01.19"]
[Round "2"]
[White "Prihodko, Alexander"]
[Black "Polivanov, Anatoliy"]
[Result "0-1"]
[WhiteElo "2340"]
[BlackElo "2391"]
[PlyCount "62"]
[EventDate "2008.01.18"]
[EventType "tourn"]
[EventRounds "13"]
[EventCountry "UKR"]
[EventCategory "1"]
[SourceTitle "CBM 122 Extra"]
[Source "ChessBase"]
[SourceDate "2008.03.04"]
[SourceVersion "1"]
[SourceVersionDate "2008.03.04"]
[SourceQuality "1"]

1. e4 e6 2. d4 d5 3. Nd2 Nf6 4. e5 Nfd7 5. f4 c5 6. c3 Nc6 7. Ndf3 Qb6 8. h4 Be7 9. a3 cxd4 10. cxd4 Na5 11. b4 Nc4 12. Bd3 a5 13. bxa5 Qxa5+ 14. Kf2 b5 15. Ne2 b4 16. a4 Ndb6 17. g4 Bd7 18. f5 Bxa4 19. Qg1 b3 20. Rb1 Qb4 21. Nf4 b2 22. Be3 Nxe3 23. Kxe3 Nc4+ 24. Kf2 Nxe5 25. fxe6 fxe6 26. Re1 0-0 27. Rxe5 Rxf4 28. Kg3 Raf8 29. Ng5 Bxg5 30. Bxh7+ Kxh7 31. hxg5+ Kg8 0-1

[Event "Rodatychi op"]
[Site "Rodatychi"]
[Date "2006.09.01"]
[Round "9"]
[White "Prihodko, Alexander"]
[Black "Omelja, Artem"]
[Result "1-0"]
[WhiteElo "2337"]
[BlackElo "2153"]
[PlyCount "97"]
[EventDate "2006.08.27"]
[EventType "swiss"]
[EventRounds "9"]
[EventCountry "UKR"]
[SourceTitle "EXT 2008"]
[Source "ChessBase"]
[SourceDate "2007.11.25"]
[SourceVersion "1"]
[SourceVersionDate "2007.11.25"]
[SourceQuality "1"]

1. e4 e6 2. d4 d5 3. Nd2 Nf6 4. e5 Nfd7 5. f4 b6 6. Ndf3 Be7 7. c3 f5 8. Bd3 Ba6 9. Bc2 c5 10. Be3 Nc6 11. Ne2 0-0 12. Rg1 Kh8 13. g4 g6 14. gxf5 gxf5 15. Ng3 cxd4 16. cxd4 Qe8 17. a3 Na5 18. b3 Qf7 19. Bd2 Nc6 20. Kf2 Rg8 21. Kg2 Nf8 22. Kh1 h6 23. Be3 Ng6 24. Qd2 Nh4 25. Nxh4 Bxh4 26. Bf2 Be7 27. Qe3 Rac8 28. Bd1 Na5 29. Be1 Nc6 30. Bf2 Na5 31. Be1 Qf8 32. Nh5 Rxg1+ 33. Qxg1 Qf7 34. Qe3 Nc6 35. Bf2 Qf8 36. Qg3 Qf7 37. Qh3 Nb8 38. b4 Bc4 39. Nf6 Qf8 40. Bh4 Bxf6 41. Bxf6+ Kh7 42. Bh5 Nd7 43. Bh4 a5 44. Rg1 Bb5 45. Bg6+ Kh8 46. Bg5 Bd3 47. Qxd3 hxg5 48. Qh3+ Kg7 49. Qh7# 1-0

[Event "Rodatychi op"]
[Site "Rodatychi"]
[Date "2006.08.31"]
[Round "7"]
[White "Prihodko, Alexander"]
[Black "Kutsykh, Mikle"]
[Result "1-0"]
[WhiteElo "2337"]
[BlackElo "2201"]
[PlyCount "67"]
[EventDate "2006.08.27"]
[EventType "swiss"]
[EventRounds "9"]
[EventCountry "UKR"]
[SourceTitle "EXT 2008"]
[Source "ChessBase"]
[SourceDate "2007.11.25"]
[SourceVersion "1"]
[SourceVersionDate "2007.11.25"]
[SourceQuality "1"]

1. e4 e5 2. Nf3 Nc6 3. Nc3 Nf6 4. Bb5 Bb4 5. 0-0 0-0 6. Bxc6 bxc6 7. Nxe5 Qe8 8. Nd3 Bxc3 9. dxc3 Qxe4 10. Re1 Qh4 11. Qf3 Qh5 12. Qg3 d6 13. Bg5 Qg6 14. Qh4 Be6 15. Nf4 Qf5 16. Bxf6 Qxf6 17. Qxf6 gxf6 18. Nxe6 fxe6 19. Rxe6 Rf7 20. Rae1 Kf8 21. g3 Rb8 22. b3 Rb5 23. Re8+ Kg7 24. R1e7 Rc5 25. c4 Ra5 26. a4 d5 27. Rxf7+ Kxf7 28. Rc8 Ke7 29. Rxc7+ Kd6 30. Rxh7 dxc4 31. Rh4 cxb3 32. cxb3 Rd5 33. Rf4 Ke5 34. Kg2 1-0

[Event "Rodatychi op"]
[Site "Rodatychi"]
[Date "2006.08.28"]
[Round "3"]
[White "Prihodko, Alexander"]
[Black "Kucherenko, Olena"]
[Result "1-0"]
[WhiteElo "2337"]
[BlackElo "2051"]
[PlyCount "101"]
[EventDate "2006.08.27"]
[EventType "swiss"]
[EventRounds "9"]
[EventCountry "UKR"]
[SourceTitle "EXT 2008"]
[Source "ChessBase"]
[SourceDate "2007.11.25"]
[SourceVersion "1"]
[SourceVersionDate "2007.11.25"]
[SourceQuality "1"]

1. e4 c5 2. Nf3 d6 3. Bc4 Nc6 4. c3 Nf6 5. d3 g6 6. 0-0 Bg7 7. Ng5 0-0 8. f4 d5 9. Bb3 h6 10. exd5 Nxd5 11. Ne4 b6 12. Qf3 e6 13. Nbd2 Na5 14. Bc2 Bb7 15. Qg3 Ne7 16. Nf3 Nf5 17. Qf2 Qc7 18. Bd2 Rad8 19. Rae1 Nc6 20. g4 Nd6 21. Qh4 Ba6 22. Rf2 Ne8 23. f5 Qe7 24. Bg5 f6 25. Bxh6 Bxd3 26. Bxd3 Rxd3 27. fxg6 Bxh6 28. Qxh6 Qg7 29. Qh5 Rd5 30. Nfg5 Re5 31. Qh7+ Qxh7 32. Nxh7 f5 33. Kf1 Kg7 34. Nxf8 Kxf8 35. Ng5 Rxe1+ 36. Kxe1 Ng7 37. Re2 e5 38. gxf5 Nxf5 39. Nf3 Kg7 40. Nxe5 Nxe5 41. Rxe5 Kxg6 42. Kf2 Kf6 43. Re8 Nd6 44. Ra8 Nc4 45. b3 Nd6 46. Ke3 a5 47. Rb8 b5 48. Rb6 Ke5 49. Rxd6 Kxd6 50. Ke4 Ke6 51. h4 1-0

[Event "Kiev Independence Cup-A 4th"]
[Site "Kiev"]
[Date "2004.08.19"]
[Round "9"]
[White "Vozovic, Oksana"]
[Black "Prihodko, Alexander"]
[Result "1/2-1/2"]
[WhiteElo "2313"]
[BlackElo "2302"]
[PlyCount "77"]
[EventDate "2004.08.11"]
[EventType "swiss"]
[EventRounds "11"]
[EventCountry "UKR"]
[SourceTitle "EXT 2005"]
[Source "ChessBase"]
[SourceDate "2004.11.15"]
[SourceVersion "1"]
[SourceVersionDate "2004.11.15"]
[SourceQuality "1"]

1. e4 Nc6 2. Nf3 d6 3. d4 Bg4 4. Bb5 a6 5. Bxc6+ bxc6 6. Nc3 Bd7 7. h3 e6 8. 0-0 Ne7 9. Qe2 Ng6 10. Ne1 Be7 11. Nd3 0-0 12. f4 f5 13. e5 Nh8 14. Be3 Nf7 15. g4 g6 16. Rf2 Bc8 17. Kh2 Kh8 18. Rg1 Bb7 19. gxf5 exf5 20. Na4 Re8 21. c4 Bf8 22. c5 a5 23. cxd6 cxd6 24. exd6 Ba6 25. Nac5 Bxd3 26. Nxd3 Qxd6 27. Ne5 Qd5 28. Rfg2 Nxe5 29. dxe5 Re6 30. b3 a4 31. Rd1 Qb5 32. Qxb5 cxb5 33. Rd5 axb3 34. axb3 Rc6 35. Rxb5 Rc3 36. Re2 Kg8 37. e6 Re8 38. Bd4 Rc6 39. Rb6 1/2-1/2

[Event "UKR-ch sf"]
[Site "Alushta"]
[Date "2004.05.06"]
[Round "3"]
[White "Prihodko, Alexander"]
[Black "Zherebukh, Yaroslav"]
[Result "1-0"]
[WhiteElo "2302"]
[BlackElo "2005"]
[PlyCount "138"]
[EventDate "2004.05.04"]
[EventType "swiss"]
[EventRounds "9"]
[EventCountry "UKR"]
[SourceTitle "EXT 2005"]
[Source "ChessBase"]
[SourceDate "2004.11.15"]
[SourceVersion "1"]
[SourceVersionDate "2004.11.15"]
[SourceQuality "1"]

1. e4 e5 2. Nf3 Nc6 3. Bb5 a6 4. Ba4 Nf6 5. 0-0 b5 6. Bb3 Be7 7. a4 Bb7 8. d3 d6 9. c3 0-0 10. Na3 Nb8 11. Ba2 bxa4 12. Qxa4 Nbd7 13. Nc4 Nb6 14. Qb3 Rb8 15. Na5 Ba8 16. Re1 c5 17. Nd2 d5 18. Qc2 Nbd7 19. Bb1 g6 20. Nf3 Qc7 21. exd5 Bxd5 22. Nd2 Bd6 23. Nac4 Bb7 24. Ne4 Nxe4 25. dxe4 Be7 26. Ba2 Nb6 27. Qe2 Kg7 28. Ne3 Rfd8 29. Ng4 h5 30. Qf3 f5 31. Nxe5 Qxe5 32. Bf4 Qf6 33. Bxb8 Rxb8 34. Qf4 Rd8 35. exf5 Bd6 36. Qe3 Qxf5 37. Bb1 Qg4 38. Be4 Re8 39. f3 Qh4 40. g3 Qf6 41. Qd3 c4 42. Qc2 Bc5+ 43. Kg2 Bc8 44. Ra5 Bd6 45. Qf2 Bc7 46. Rc5 Bd8 47. Rd1 Bd7 48. Qd2 Qe6 49. Kh1 Ba4 50. Ra1 Bb5 51. Qd4+ Bf6 52. Rc7+ Kg8 53. Qd2 Bd8 54. Ra7 Qf6 55. Rd1 Rxe4 56. Qxd8+ Qxd8 57. Rxd8+ Re8 58. Rxe8+ Bxe8 59. Rxa6 Na4 60. Ra8 Kf7 61. Rb8 Ke7 62. Rb4 Kd6 63. Kg2 Kc5 64. Kh3 Nb6 65. Kh4 Bc6 66. Kg5 Bxf3 67. Kxg6 Bd1 68. h3 h4 69. gxh4 Nd5 1-0

[Event "Kiev Independence Cup-A 2nd"]
[Site "Kiev"]
[Date "2002.08.19"]
[Round "7"]
[White "Galinsky, Timofey"]
[Black "Prihodko, Alexander"]
[Result "0-1"]
[WhiteElo "2377"]
[BlackElo "2281"]
[PlyCount "88"]
[EventDate "2002.08.??"]
[EventType "swiss"]
[EventRounds "11"]
[EventCountry "UKR"]
[SourceTitle "EXT 2003"]
[Source "ChessBase"]
[SourceDate "2002.11.25"]
[SourceVersion "1"]
[SourceVersionDate "2002.11.25"]
[SourceQuality "1"]

1. g3 d5 2. Bg2 c6 3. f4 g6 4. Nf3 Bg7 5. e3 Nd7 6. 0-0 Ngf6 7. d3 0-0 8. Nc3 Qc7 9. e4 dxe4 10. dxe4 e5 11. Kh1 exf4 12. Bxf4 Qb6 13. Qd2 Ng4 14. Bd6 Re8 15. Qf4 Qxb2 16. Qxg4 Qxc3 17. Qf4 Qc4 18. Rae1 f6 19. Rf2 Ne5 20. Nxe5 fxe5 21. Qg5 Qxa2 22. h4 Qe6 23. Ba3 b6 24. Kh2 c5 25. Bb2 Bb7 26. h5 gxh5 27. Rf5 Qg6 28. Qc1 Rad8 29. Bf3 Bh6 30. Qa1 Rd2+ 31. Re2 Rxe2+ 32. Bxe2 Bxe4 33. Bc4+ Kh8 34. Bxe5+ Bg7 35. Bf7 Qh6 36. Rxh5 Qd2+ 37. Kh3 Qd7+ 38. Kh2 Qxf7 39. Bxg7+ Qxg7 40. Qa4 Qf7 41. Rg5 Qf2+ 42. Kh3 Bf5+ 43. Rxf5 Qxf5+ 44. g4 Re3+ 0-1

[Event "UKR-chT 10th"]
[Site "Alushta"]
[Date "2002.04.15"]
[Round "6"]
[White "Kononenko, Dmitry"]
[Black "Prihodko, Alexander"]
[Result "1/2-1/2"]
[WhiteElo "2371"]
[BlackElo "2266"]
[PlyCount "111"]
[EventDate "2002.04.09"]
[EventType "team-swiss"]
[EventRounds "9"]
[EventCountry "UKR"]
[SourceTitle "EXT 2019"]
[Source "ChessBase"]
[SourceDate "2018.10.10"]
[SourceVersion "1"]
[SourceVersionDate "2018.10.10"]
[SourceQuality "1"]
[WhiteTeam "Kramatorsk Grandmaster"]
[BlackTeam "Zarevo Donetsk"]
[WhiteTeamCountry "UKR"]
[BlackTeamCountry "UKR"]

1. Nf3 c5 2. c4 Nf6 3. Nc3 b6 4. g3 Bb7 5. Bg2 e6 6. 0-0 Be7 7. d4 cxd4 8. Qxd4 d6 9. Rd1 a6 10. Be3 Nbd7 11. Ng5 Bxg2 12. Kxg2 0-0 13. Nge4 Qc7 14. Rac1 Rfd8 15. Nxf6+ Nxf6 16. Qxb6 Qxc4 17. Rd4 Qc8 18. Na4 Qd7 19. Rc7 Qe8 20. Nc3 d5 21. Ra4 e5 22. Ra5 Bd6 23. Bg5 Bxc7 24. Qxc7 Rdc8 25. Qb7 d4 26. Na4 Qe6 27. Bxf6 Qxf6 28. Qe4 Re8 29. b4 Rab8 30. Nc5 Rxb4 31. Rxa6 Qe7 32. Nd3 Rbb8 33. a4 f6 34. f3 Qb7 35. Qxb7 Rxb7 36. Rc6 Rb3 37. a5 Ra3 38. a6 f5 39. Rd6 Ra5 40. Kf2 e4 41. fxe4 fxe4 42. Nf4 Rf8 43. h4 Ra4 44. a7 h6 45. h5 Ra8 46. Ne6 R8xa7 47. Rd8+ Kf7 48. Nxd4 Kf6 49. Ke3 Ra3+ 50. Kf4 Rf7 51. Re8 g5+ 52. hxg6 Kxg6+ 53. Kxe4 Ra5 54. e3 Rg5 55. Ne6 Rg4+ 56. Nf4+ 1/2-1/2